Spécialités culinaires belges (mort subite) - Statistiques

Statistiques générales
  • Ce quiz a été pris 77 fois
    53 depuis la dernière actualisation
  • Le résultat moyen est 5 sur 15
Answers on the Grid
Answers color-coded by a green-red scale on the quiz's grid according to % correct below.
Gaufres
Filet américain
Pot au feu
Vol-au-vent
Moules-frites
Croque Monsieur
La tartiflette
Boudin
Crêpes
Gratin dauphinois
Chicons au gratin
Les œufs mayonnaise
Gouda
La bière
Steak frites
Le saumon
La soupe à l'oignon
Cuberdon
Tarte tatin
Spéculoos
Carbonnade
Arancini
Waterzooï
Le bretzel
Le saucisson brioché
Le bavarois
Bitterballen
Lacquemant
La forêt-noire
Le pâté de campagne
Le fromage
Le chocolat
Gazpacho
Tarte au riz
Goulash
 
Statistiques - réponses
Réponse % Correct
Gaufres
93%
La bière
55%
Carbonnade
48%
Moules-frites
48%
Waterzooï
45%
Spéculoos
38%
Chicons au gratin
34%
Filet américain
34%
Le chocolat
28%
Vol-au-vent
21%
Lacquemant
17%
Cuberdon
14%
Steak frites
14%
Tarte au riz
10%
Boudin
7%
Aucun quiz correspondant
Distribution des résultats
% des personnes avec chaque résultat
Percentile par nombre de réponses
Votre historique - résultats
Vous n’avez pas pris ce quiz depuis la dernière actualisation